000 00371pab a2200157 454500
008 180718b2015 xxu||||| |||| 00| 0 eng d
100 _aTripathy, K.K.
245 _aWhat it offers for rural employment?
260 _c2015
300 _ap.17-20.
362 _aApr
650 _aRural development
650 _aEmployment
773 _aKurukshetra
909 _a111350
999 _c111345
_d111345